000 00267nam a2200109Ia 4500
008 231129s9999||||xx |||||||||||||| ||spa||
082 _a(i)Co861.6 R934m
100 _aRuiz Clarisa
245 0 _aLos meses del año son
264 _a[sin editorial]
942 _2ddc
_cBKS
999 _c19837
_d19837